Столиците на адм.единици - 2 - Statistics

General Stats
  • This quiz has been taken 49 times
  • The average score is 38 of 68
Answer Stats
State % Correct
Сидни
95%
Казан
89%
Торонто
89%
Канбера
89%
Сау Паулу
89%
Квебек
84%
Мелбърн
84%
Рио де Жанейро
84%
Уфа
79%
Петрозаводск
79%
Грозни
79%
Якутск
79%
Пърт
79%
Куяба
79%
Владикавказ
74%
Едмънтън
74%
Белу Оризонти
68%
Натал
68%
Махачкала
63%
Ижевск
63%
Халифакс
63%
Виктория
63%
Бризбън
63%
Манаус
63%
Салвадор
63%
Витория
63%
Порту Алегри
63%
Палмас
63%
Горно Алтайск
58%
Елиста
58%
Черкеск
58%
Саранск
58%
Фредериктън
58%
Куритиба
58%
Магас
53%
Кизил
53%
Чебоксари
53%
Уинипег
53%
Сейнт Джонс
53%
Форталеза
53%
Гояния
53%
Ресифи
53%
Порту Велю
53%
Майкоп
47%
Сиктивкар
47%
Хоубърт
47%
Белем
47%
Улан Уде
42%
Налчик
42%
Аделейд
42%
Даруин
42%
Макапа
42%
Боа Виста
42%
Йошкар Ола
37%
Риу Бранку
37%
Масейо
37%
Кампу Гранди
37%
Терезина
37%
Шарлоттаун
32%
Риджайна
32%
Йелоунайф
32%
Сау Луис
32%
Аракажу
32%
Абакан
26%
Уайтхорс
26%
Икалуит
26%
Жуау Песоа
26%
Флорианополис
26%
No matching quizzes found
Score Distribution
Percent of People with Each Score
Percentile by Number Answered
Your Score History
You have not taken this quiz